000
00221 a2200097 4500
001
40944
100
_a
Syed M Mian
245
_a
Ulma-i-Hind Ka Shandar M
260
_a
Karachi
_b
Maqtaba Rashidia
_c
090
_c
25187
_d
25187
942
_a
NUST-CAE
_c
M
_c
16877
999
_c
276017
_d
276017